Matematika pre 9. ročník špeciálnych základných škôl Pracovný zošit

Bibliographic Details
Main Author: Melišková, Lýdia (Author)
Other Authors: Imro, Igor, 1943- (Illustrator), Melišek, Jaroslav (Illustrator)
Format: Book
Language:Slovak
PhysicalDescription:64, IV. s sch. príl s. fareb. fotogr., ilustr. 30 cm
Published: Bratislava Slovenské pedagogické nakladateľstvo - Mladé letá 2010
ISBN:9788010019373
Edition:3. vyd.
Subjects:

MARC

LEADER 00000cam a2200000 a 4500
001 vtls010210914
003 SK-MaSNL
005 20260302045112.0
008 240315s2010 xo ao c 000 0 slo
015 |a SNBA2011/04-02060 
020 |a 9788010019373  |q (brož.) 
035 |a 0EAA2E7E-36E7-4BDB-AE40-2129CF2CF74C 
035 |a urn:nbn:sk:snk-amjx8v 
035 |a urn:nbn:sk:snk-am007zm1 
040 |a SNK  |b slo  |c SNK  |e AACR2 
041 0 |a slo 
044 |a xo  |c SK 
072 7 |a 51  |x Matematika  |2 konspekt 
072 7 |a 37.016  |x Učebné osnovy. Vyučovacie predmety. Učebnice  |2 konspekt 
080 |a 51  |2 2001 
080 |a (075.2)  |2 2001 
080 |a (076.1)  |2 2001 
100 1 |a Melišková, Lýdia  |4 aut  |9 178157 
245 1 0 |a Matematika pre 9. ročník špeciálnych základných škôl  |p Pracovný zošit  |c [ Lýdia Melišková ; ilustrácie Igor Imro, Jaroslav Melišek] 
246 3 0 |a Pracovný zošit 
250 |a 3. vyd. 
260 |a Bratislava  |b Slovenské pedagogické nakladateľstvo - Mladé letá  |c 2010 
300 |a 64, IV. s sch. príl s.  |b fareb. fotogr., ilustr.  |c 30 cm 
500 |a Názov z obalu 
650 0 7 |a matematika  |2 SNKPH  |9 70174 
655 7 |a učebnice špeciálnych základných škôl  |2 SNKPH  |9 70204 
655 7 |a pracovné zošity  |2 SNKPH  |9 70188 
700 1 |a Imro, Igor,  |d 1943-  |4 ill  |9 86339 
700 1 |a Melišek, Jaroslav  |4 ill  |9 69758 
852 |a Štátna vedecká knižnica v Banskej Bystrici 
919 |a 978-801-01937-3 
968 |d 37 
999 |c 1092321  |d 1094251 
952 |a SNK  |b SNK  |y PREZ  |7 0  |p 17A0690101  |o snkSB 81068  |i snk2011/5405  |8 0  |0 0  |1 0  |4 0  |d 2011-03-10  |f 1  |l 0  |r 2025-05-05 00:00:00  |w 2026-02-24 
952 |a SNK  |b SNK  |y VYP  |7 0  |p 17A0690102  |o snkSB 81068 D1  |i snk2011/5406  |8 0  |0 0  |1 0  |4 0  |d 2011-03-10  |l 0  |r 2016-06-30 00:00:00  |w 2026-02-24